Загрузка...

Fundamentals of Bio-Medical Science

Библиографические подробности
Главный автор: Aravind N Shukla
Формат: Printed Book
Опубликовано: New Delhi Discovery 2015
LEADER 00398nam a22001217a 4500
020 |a 9350564645 
082 |a 610.28  |b ARV.F 
100 |a Aravind N Shukla 
245 |a Fundamentals of Bio-Medical Science 
260 |a New Delhi  |b Discovery  |c 2015 
942 |c BK 
999 |c 9413  |d 9413 
952 |0 0  |1 0  |4 0  |6 610_280000000000000_ARV_F  |7 0  |9 11384  |a CAMPUS  |b CAMPUS  |d 2017-01-17  |l 0  |o 610.28 ARV.F  |p 21607  |r 2017-01-17  |w 2019-07-15  |y BK